| 000 | 00485nam a2200181Ia 4500 | ||
|---|---|---|---|
| 008 | 240925s9999 xx 000 0 und d | ||
| 020 | _a132469197 | ||
| 082 | _a005.265 SCA | ||
| 100 | _aScanlon ,Leo J. | ||
| 245 | 0 | _a8086/8088/80286 Assembly Language | |
| 250 | _aNA | ||
| 260 |
_aBoston: _bNewnes _c,1988. |
||
| 300 |
_axx,374p. _bNA _fOriginal |
||
| 500 | _aIncludes Index | ||
| 600 | _aComputer Science | ||
| 650 | _aComputer science, information & general works | ||
| 942 | _cBK | ||
| 999 |
_c4817 _d4817 |
||